Statistics for Pokemon Gym Leaders

Click here to take the quiz!

General Stats

  • This quiz has been taken 3,373 times
    (2,362 since last reset)
  • The average score is 25 of 51

Answer Stats

City Type Name % Correct
Pewter CityRockBrock
99%
Cerulean CityWaterMisty
98%
Vermilion CityElectricLt. Surge
86%
Viridian CityGround / VariousGiovanni / Blue
82%
Saffron CityPsychicSabrina
79%
Fuchsia CityPoisonKoga/Janine
74%
Celadon CityGrassErika
73%
Cinnabar Island /
Seafoam Islands
FireBlaine
72%
Azalea CityBugBugsy
67%
Petalburg CityNormalNorman
66%
Goldenrod CityNormalWhitney
64%
Olivine CitySteelJasmine
61%
Blackthorn CityDragonClair
59%
Violet CityFlyingFalkner
59%
Sootopolis CityWaterWallace / Juan
58%
Rustboro CityRockRoxanne
57%
Lavaridge TownFireFlannery
57%
Ecruteak CityGhostMorty
55%
Dewford TownFightingBrawly
55%
Mauville CityElectricWattson
54%
Mossdeep CityPsychicTate and Liza
52%
Pastoria CityWaterCrasher Wake
50%
Opelucid CityDragonDrayden/Iris
50%
Cianwood CityFightingChuck
49%
Mahogany TownIcePryce
48%
Fortree CityFlyingWinona
48%
Oreburgh CityRockRoark
47%
Sunyshore CityElectricVolkner
45%
Eterna CityGrassGardenia
45%
Hearthome CItyGhostFantina
44%
Snowpoint CityIceCandice
44%
Mistralton CityFlyingSkyla
40%
Nimbasa CityElectricElesa
38%
Veilstone CityFightingMaylene
38%
Canalave CitySteelByron
36%
Castelia CityBugBurgh
36%
Driftveil CityGroundClay
35%
Virbank CityPoisonRoxie
34%
Aspertia CityNormalCheren
33%
Nacrene CityNormalLenora
32%
Icirrus CityIceBrycen
31%
Santalune CityBugViola
31%
Lumiose CityElectricClemont
30%
Striaton CityGrass / Fire / WaterCilan, Chili, and Cress
29%
Cyllage CityRockGrant
26%
Anistar CityPsychicOlympia
26%
Shalour CityFightingKorrina
25%
Snowbelle CityIceWulfric
23%
Humilau CityWaterMarlon
23%
Coumarine CityGrassRamos
22%
Laverre CityFairyValerie
22%

Score Distribution

Percentile by Number Answered

Percent of People with Each Score

Your Score History

You have not taken this quiz since the last reset